| 000 | 00466nam a2200145Ia 4500 | ||
|---|---|---|---|
| 008 | 210430s9999 xx 000 0 und d | ||
| 020 | _a0470080248 (hardcover) | 97804 | ||
| 082 | _a629.475 S9651 R | ||
| 100 |
_aSutton, George P. _99004 |
||
| 245 |
_aRocket propulsion elements 7th / _cSutton, George P. |
||
| 260 |
_a[S.l.] : _bWiley, _c2001 |
||
| 300 | _a784 p. ; | ||
| 856 | _uhttp://www.amazon.com/exec/obidos/ASIN/0470080248/chopaconline-2 | ||
| 942 |
_cBK _2ddc |
||
| 999 |
_c561845 _d561845 |
||